000 00480nam a2200205Ia 4500
008 240510s9999 xx 000 0 und d
020 _a0008176350419
041 _aEng
082 _a006.78
082 _bK16
100 _aKARLINS D.
245 0 _aTEACH YOURSELF MICROSOFT FRONTPAGE 98 IN A WEEK
250 _a2nd ed.
260 _bNEW DELHI : TECHMEDIA
260 _c1998
300 _a480 p.
650 _aFRONTPAGE : WEB DESIGNING
942 _2ddc
942 _cRBK
999 _c26823
_d26823
945 _a1
_bMadushi Gamage
_c1
_dMadushi Gamage